Los daños corporales: tipología y valoración

محفوظ في:
التفاصيل البيبلوغرافية
المؤلف الرئيسي: Vicente Domingo, Elena (مؤلف)
التنسيق: كتاب
اللغة:الإسبانية
منشور في: Barcelona José Maria Bosch 1994
الطبعة:1a. ed
سلاسل:Biblioteca de Derecho Privado
الموضوعات:
الوسوم: إضافة وسم
لا توجد وسوم, كن أول من يضع وسما على هذه التسجيلة!

MARC

LEADER 00000cam a2200000 a 4500
001 UCD7197
003 CL-VaPUC
008 170309e19940200sp |||||||||||||||||spa|d
020 |a 8476982712 
082 0 4 |a 346.02  |b VIC  |2 21 
100 0 |a Vicente Domingo, Elena  |e author  |9 591105 
245 1 4 |a Los daños corporales: tipología y valoración 
250 |a 1a. ed 
300 |a 351 p 
942 |c BK 
945 |d 20170309 22:28:00  |a arojas 
260 |a Barcelona  |b José Maria Bosch  |c 1994 
650 0 |a Derecho civil  |9 255013 
650 7 |a DAÑO CORPORAL  |2 CL-VaPUC  |9 430897 
650 7 |a RESPONSABILIDAD CIVIL  |2 CL-VaPUC  |9 591106 
583 |a last modification  |c 20170309 22:28:00  |k Rodrigo Vera 
490 0 |a Biblioteca de Derecho Privado 
999 |c 367267  |d 367265 
952 |0 0  |1 0  |3 erb  |4 0  |6 346_020000000000000_VIC_1994  |7 0  |8 A  |9 482070  |a BIBDER  |b BIBDER  |i 5364396  |l 1  |o 346.02 VIC 1994  |p 5364396  |r 2023-07-04  |s 2023-07-04  |w 2019-11-24  |y BK  |z Catalogado en:20170309  |k DER